| 000 | 00650nam a2200217 i 4500 | ||
|---|---|---|---|
| 001 | 78262 | ||
| 003 | ES-MaACL | ||
| 005 | 20250928114915.0 | ||
| 007 | t| | ||
| 008 | 041013s1967 sp ||||1| spa d | ||
| 100 | 1 |
_aHartung, Henri. _962006 |
|
| 245 | 1 | 3 |
_aLa educación permanente / _cHenri Hartung ; [traducción de Guillermo Solana]. |
| 250 | _a[1ª ed.]. | ||
| 260 |
_aMadrid : _bCid, _c[1967] |
||
| 300 |
_a268 p. ; _c20 cm. |
||
| 490 | 1 |
_aEsquemas del futuro ; _v8 |
|
| 700 | 1 |
_aSolana, Guillermo, _d1930-2004 _9107067 |
|
| 830 | 0 |
_aEsquemas del futuro ; _v8 _9180968 |
|
| 852 |
_aES-MaACL _jC-32484 _bR.62885 |
||
| 999 |
_c78262 _d78262 |
||